00946nam a2200241Ia 450000100060000000300090000600800410001504000130005604000130006904100120008210000210009410000280011524500260014324500260016925000110019526000130020626000200021926000490023930000420028850003190033065000240064965000310067324426IT-RoPAU130308s9999 xx 000 0 und d aIT-RoPAU cIT-RoPAU aINGLESE aWilliams Raymond gCodice Aut. SPICS: 449 aLong revolution (The) bLong Revolution (The) a2a ed. aWESTPORT bGreenwood Press c1975 [1° Ed.:1961 - Ed.Ling.Originale:1961] a"384 p. (prefazione: 14; testo: 370)" aPensiero Creativo Analisi della Cultura immagini della Società Educazionbe e Società inglese Aumento della Lettura Pubblica Crescita della Stampa Popolare Storia Sociale Degli•Scrittori inglesi Storia Sociale delle forme drammatiche Realismo e Romanzo Contemporaneo Società inglese Anni '60 Lista dei Libri aSAGGI DI SOCIOLOGIA eCodice materia Spics: 3657